000 00841nam a22002057a 4500
999 _c58987
_d58987
003 Ge_BSU
005 20221027151636.0
008 221027s2003 ge ||||| |||| 00| 0 geo d
020 _a9994013858
041 _ageo
080 _a316.32 ლ-96
100 _aლუტიძე, ბიძინა
_915212
245 _aგლობალიზაცია:
_bარსი, პრობლემები /
_cბიძინა ლუტიძე; [რედ.: გ. ბარამიძე].
264 _aთბილისი :
_bსახ. უნ-ტის გამ-ბა,
_c2003.
300 _a120 გვ. ;
_b20 სმ.
504 _aბიბლიოგრ.: გვ. 118-119.
653 _aგლობალიზაცია
700 _aბარამიძე, გ.
_eრედაქტორი
_913357
942 _2udc
_cBK